Town in the empire: government, politics, and society in seventeenth century popayán
保存先:
| 第一著者: | |
|---|---|
| フォーマット: | 図書 |
| 言語: | 英語 |
| 出版事項: |
Austin
University de Texas
1978
|
| 主題: | |
| タグ: |
タグ追加
タグなし, このレコードへの初めてのタグを付けませんか!
|
MARC
| LEADER | 00000nam a2200000 a 4500 | ||
|---|---|---|---|
| 001 | UCO3730 | ||
| 003 | CL-VaPUC | ||
| 008 | 000720e19780000US |||||||||||||||||eng|d | ||
| 082 | 0 | 4 | |a 986.1 |b MAR |2 21 |
| 100 | |a Marzahl, Peter |e autor |9 447609 | ||
| 245 | 1 | 0 | |a Town in the empire: government, politics, and society in seventeenth century popayán |
| 300 | |a 218 p | ||
| 942 | |c BK | ||
| 945 | |d 20000720 00:00:00 |a crobeson | ||
| 260 | |a Austin |b University de Texas |c 1978 | ||
| 650 | 7 | |a HISTORIA DE COLOMBIA SIGLO 17 |2 CL-VaPUC |9 447610 | |
| 650 | 7 | |a COLONIA |2 CL-VaPUC |9 447611 | |
| 651 | 0 | |a Colombia |9 256424 | |
| 583 | |a last modification |c 20160817 01:20:48 |k Rodrigo Vera | ||
| 999 | |c 289862 |d 289860 | ||
| 952 | |0 0 |1 0 |4 0 |6 986_100000000000000_MAR_1978 |7 0 |8 A |9 338761 |a BIBHIS |b BIBHIS |d 2019-11-20 |i 1297791 |o 986.1 MAR 1978 |p 1297791 |r 2025-01-20 |w 2019-11-20 |y BK |k HIS | ||
| 952 | |0 0 |1 0 |4 0 |6 986_100000000000000_MAR_1978 |7 0 |8 A |9 338762 |a BIBHIS |b BIBHIS |d 2019-11-20 |i 1297805 |o 986.1 MAR 1978 |p 1297805 |r 2025-01-20 |w 2019-11-20 |y BK |k HIS | ||